=LDR 00000nam 2200000 4500 =001 INLIS000000000062182 =005 20230612014201 =035 ##$$a 0010-0623000023 =007 ta =008 230612################g##########0#ind## =100 #$$a Gunawan WB $e penulis$e Gunawan WB $e penulis =245 ##$$a Kamus sains IPA (ilmu pengetahuan alam) /$c Drs. Gunawan WB =300 ##$$a 160 halaman ; $c 21 cm =041 ##$$a ind =082 ##$$a 503 =084 ##$$a 503 GUN k =264 ##$$a Surabaya :$b Penerbit Anugerah =336 ##$$a teks$2 rdacontent =337 ##$$a tanpa perantara$2 rdamedia =338 ##$$a volume$2 rdacarrier =650 #4$$a Sains - Kamus =990 ##$$a 03460346